[Event "BL 2324 Schachfreunde Deizisau - SK Dopp"]
[Site "?"]
[Date "2023.12.02"]
[Round "3.4"]
[White "Gupta, Abhijeet"]
[Black "Meshkovs, Nikita"]
[Result "1-0"]
[WhiteElo "2596"]
[BlackElo "2528"]
[PlyCount "87"]
[EventDate "2023.??.??"]

1. d4 Nf6 2. Nf3 d5 3. Bf4 e6 4. e3 c5 5. c3 Bd6 6. Nbd2 Qc7 7. Bxd6 Qxd6 8. Ne5 O-O 9. Bd3 b6 10. Qe2 Bb7 11. Rd1 a5 12. h4 Ba6 13. Bxa6 Rxa6 14. h5 Nfd7 15. h6 g6 16. Nxd7 Qxd7 17. Nf3 c4 18. e4 b5 19. O-O Qb7 20. Rfe1 dxe4 21. Nd2 Nd7 22. Nxe4 Qd5 23. Qf3 Qf5 24. Qg3 Rc6 25. Qh4 f6 26. d5 exd5 27. Ng3 Qg5 28. Qxg5 fxg5 29. Rxd5 Nc5 30. Ree5 Rfc8 31. Re7 b4 32. Rg7+ Kh8 33. Ra7 Kg8 34. Re5 R6c7 35. Re8+ Rxe8 36. Rxc7 Nd3 37. f3 Re1+ 38. Kh2 b3 39. axb3 cxb3 40. Ne4 Rxe4 41. fxe4 Nxb2 42. e5 Nd3 43. e6 Kf8 44. Rxh7 1-0

[Event "BL 2324 Schachfreunde Deizisau - SK Dopp"]
[Site "?"]
[Date "2023.12.02"]
[Round "3.5"]
[White "Thybo, Jesper Sondergaard"]
[Black "Dautov, Rustem"]
[Result "1/2-1/2"]
[WhiteElo "2526"]
[BlackElo "2582"]
[PlyCount "42"]
[EventDate "2023.??.??"]

1. d4 d5 2. c4 c6 3. Nf3 Nf6 4. cxd5 cxd5 5. Nc3 Nc6 6. Bf4 Nh5 7. Bd2 e6 8. e3 Nf6 9. Bd3 Be7 10. O-O O-O 11. Rc1 b6 12. a3 Bb7 13. b4 a5 14. b5 Nb8 15. a4 Nbd7 16. Qb3 Bd6 17. Rc2 Qe7 18. Ne2 Ne4 19. Bc1 Rac8 20. Rxc8 Rxc8 21. Bb2 g5 1/2-1/2

[Event "BL 2324 Schachfreunde Deizisau - SK Dopp"]
[Site "?"]
[Date "2023.12.02"]
[Round "3.6"]
[White "Heimann, Andreas"]
[Black "Parvanyan, Ashot"]
[Result "1/2-1/2"]
[WhiteElo "2551"]
[BlackElo "2402"]
[PlyCount "120"]
[EventDate "2023.??.??"]

1. d4 Nf6 2. c4 e6 3. Nf3 Bb4+ 4. Bd2 Qe7 5. Nc3 O-O 6. e3 Bxc3 7. Bxc3 Ne4 8. Rc1 Nc6 9. d5 Nxc3 10. Rxc3 Nd8 11. Bd3 d6 12. Qc2 h6 13. O-O a5 14. b3 Bd7 15. Rd1 b6 16. Nd4 Rc8 17. a3 e5 18. Nb5 f5 19. b4 Nb7 20. Qd2 Kh8 21. f4 Qf6 22. Bf1 Rfe8 23. Rc2 Re7 24. Rdc1 Be8 25. Qf2 Ra8 26. fxe5 Qxe5 27. Nd4 Bd7 28. Rc3 Rae8 29. g3 axb4 30. axb4 Nd8 31. Bg2 Nf7 32. c5 bxc5 33. bxc5 dxc5 34. Rxc5 Qf6 35. Ne6 Bxe6 36. dxe6 Ne5 37. Bh3 Nd3 38. Qxf5 Qxf5 39. Bxf5 Nxc1 40. Rxc1 Rd8 41. Rc2 g5 42. Kg2 Kg7 43. Kf3 Kf6 44. Ke4 Ra8 45. g4 Ra5 46. Rd2 h5 47. Rd8 Ra4+ 48. Kf3 Rg7 49. Rf8+ Ke7 50. Rc8 hxg4+ 51. Bxg4 Rc4 52. Bf5 g4+ 53. Kg3 Rc3 54. Kf4 Rc4+ 55. e4 Rc2 56. Bxg4 Rxh2 57. Rxc7+ Kf8 58. Rc8+ Ke7 59. Bf5 Rb2 60. Rc7+ Kf8 1/2-1/2

[Event "BL 2324 Schachfreunde Deizisau - SK Dopp"]
[Site "?"]
[Date "2023.12.02"]
[Round "3.7"]
[White "Arndt, Magnus"]
[Black "Graf, Alexander"]
[Result "0-1"]
[WhiteElo "2387"]
[BlackElo "2523"]
[PlyCount "72"]
[EventDate "2023.??.??"]

1. e4 c5 2. Nf3 e6 3. c3 d5 4. exd5 Qxd5 5. d4 Nf6 6. Na3 Nbd7 7. Nb5 Qc6 8. dxc5 Bxc5 9. b4 Be7 10. Nfd4 Qb6 11. Be3 Qd8 12. Nf3 Nd5 13. Bd4 O-O 14. Qb3 a6 15. Na3 b5 16. Nc2 Bb7 17. c4 bxc4 18. Bxc4 Rc8 19. O-O Qc7 20. Nd2 Ne5 21. Bxe5 Qxe5 22. Rfe1 Qg5 23. Ne4 Qg6 24. g3 Rc7 25. Nc5 Rfc8 26. Bd3 Qf6 27. Be4 Nxb4 28. Bxb7 Bxc5 29. Ne3 Rxb7 30. a3 Bxe3 31. fxe3 Rc2 32. Rf1 Qh6 33. h4 Qg6 34. Rf3 Qd3 35. Qxd3 Nxd3 36. Rd1 Rd7 0-1

[Event "BL 2324 Schachfreunde Deizisau - SK Dopp"]
[Site "?"]
[Date "2023.12.02"]
[Round "3.8"]
[White "Krasenkow, Michal"]
[Black "Kopylov, Daniel"]
[Result "1-0"]
[WhiteElo "2532"]
[BlackElo "2337"]
[PlyCount "87"]
[EventDate "2023.??.??"]

1. d4 Nf6 2. c4 g6 3. Nc3 d5 4. cxd5 Nxd5 5. Bd2 Bg7 6. e4 Nb6 7. Be3 O-O 8. Bb5 e5 9. dxe5 c6 10. Be2 Bxe5 11. Qc2 Re8 12. Nf3 Bg7 13. h3 Qe7 14. O-O N8d7 15. Rad1 Nf6 16. a4 Be6 17. Rfe1 Nc4 18. Bc1 Na5 19. Nd4 Bc4 20. Bxc4 Nxc4 21. e5 Nd7 22. f4 Nf8 23. Ne4 Nb6 24. Nd6 Red8 25. Nf3 Nd5 26. f5 f6 27. fxg6 hxg6 28. exf6 Qxd6 29. fxg7 Nd7 30. Qd2 Qf6 31. Ng5 Re8 32. Rf1 Qe7 33. b4 N7f6 34. Bb2 Nh5 35. Rf7 Qd6 36. Rxb7 Qg3 37. Nf7 Nhf4 38. Nh6+ Kh7 39. g8=Q+ Kxh6 40. Qh7+ Kg5 41. Bg7 Re2 42. Bh6+ Kf5 43. Qf7+ Ke4 44. Qd4# 1-0

[Event "BL 2324 SC Viernheim - Hamburger SK"]
[Site "?"]
[Date "2023.12.02"]
[Round "3.1"]
[White "Svane, Rasmus"]
[Black "Mamedyarov, Shakhriyar"]
[Result "1/2-1/2"]
[WhiteElo "2628"]
[BlackElo "2723"]
[PlyCount "96"]
[EventDate "2023.??.??"]

1. d4 Nf6 2. c4 g6 3. Nc3 d5 4. Nf3 Bg7 5. cxd5 Nxd5 6. e4 Nxc3 7. bxc3 c5 8. Bb5+ Nc6 9. O-O O-O 10. Bxc6 bxc6 11. Qc2 Qa5 12. a4 Ba6 13. Rd1 cxd4 14. cxd4 c5 15. Bd2 Qd8 16. Bc3 cxd4 17. Bxd4 Rc8 18. Qb2 Bxd4 19. Rxd4 Qa5 20. Rd5 Qc7 21. Rad1 Rfd8 22. Rxd8+ Rxd8 23. Rxd8+ Qxd8 24. h3 Qd1+ 25. Kh2 Qd6+ 26. Kg1 Bd3 27. Qb7 Qc5 28. Qb8+ Kg7 29. Qb2+ f6 30. e5 Be4 31. exf6+ exf6 32. Nd4 Kf7 33. Qb3+ Bd5 34. Qd1 a6 35. Nc2 Bc6 36. Ne3 Qb4 37. Qd8 Qxa4 38. Qh8 Qa1+ 39. Kh2 Qe5+ 40. Kg1 Qa1+ 41. Kh2 Qe5+ 42. Kg1 h5 43. Qh7+ Ke6 44. Qxg6 a5 45. Qg8+ Kd7 46. Nc4 Qc5 47. Nxa5 Qxa5 48. Qf7+ Kc8 1/2-1/2

[Event "BL 2324 SC Viernheim - Hamburger SK"]
[Site "?"]
[Date "2023.12.02"]
[Round "3.2"]
[White "Maghsoodloo, Parham"]
[Black "Svane, Frederik"]
[Result "1/2-1/2"]
[WhiteElo "2742"]
[BlackElo "2639"]
[PlyCount "142"]
[EventDate "2023.??.??"]

1. c4 Nf6 2. Nc3 e5 3. Nf3 Nc6 4. g3 d5 5. cxd5 Nxd5 6. Bg2 Bc5 7. O-O O-O 8. d3 h6 9. Nxd5 Qxd5 10. Bd2 Rd8 11. Qc2 Qd6 12. Rac1 Bb6 13. a3 a5 14. Be3 Bg4 15. Qa4 Bd4 16. Nxd4 Nxd4 17. Bxd4 exd4 18. Bxb7 Rab8 19. Be4 Rxb2 20. Qxa5 Rxe2 21. Rc6 Qf8 22. Rxc7 f5 23. Bg2 f4 24. gxf4 Rd6 25. h3 Bf5 26. Bd5+ Kh8 27. Rf7 Qc8 28. Qb4 Rg6+ 29. Kh2 Re8 30. Re1 Rd8 31. Re5 Bxd3 32. f5 Rg5 33. Qe7 Rg8 34. f6 Qb8 35. Rxg7 R5xg7 36. fxg7+ Rxg7 37. Qe8+ Qxe8 38. Rxe8+ Kh7 39. Rd8 Ra7 40. Bg8+ Kg7 41. Rxd4 Bf5 42. Bb3 Rxa3 43. Rb4 Kf6 44. h4 Be6 45. Bxe6 Kxe6 46. Rb6+ Kf5 47. Rxh6 Kg4 48. Kg2 Ra2 49. Rh8 Rb2 50. h5 Ra2 51. h6 Kg5 52. Kg3 Ra3+ 53. f3 Rb3 54. Kf2 Rb2+ 55. Kg3 Rb3 56. Kg2 Rb2+ 57. Kf1 Rb1+ 58. Ke2 Rb2+ 59. Kd3 Rb3+ 60. Ke4 Rb4+ 61. Kd5 Rb5+ 62. Kd6 Rb6+ 63. Kd7 Rb7+ 64. Kd6 Rb6+ 65. Kc7 Rf6 66. h7 Kg6 67. Rg8+ Kxh7 68. Rg3 Rg6 69. Rxg6 Kxg6 70. f4 Kf5 71. Kb8 Kxf4 1/2-1/2

[Event "BL 2324 SC Viernheim - Hamburger SK"]
[Site "?"]
[Date "2023.12.02"]
[Round "3.3"]
[White "Mendonca, Leon Luke"]
[Black "Kryvoruchko, Yuriy"]
[Result "1/2-1/2"]
[WhiteElo "2611"]
[BlackElo "2652"]
[PlyCount "64"]
[EventDate "2023.??.??"]

1. e4 e5 2. Nf3 Nc6 3. Bb5 a6 4. Ba4 Nf6 5. O-O Bc5 6. c3 b5 7. Bb3 d6 8. d4 Bb6 9. Be3 O-O 10. Nbd2 h6 11. h3 Re8 12. Re1 Rb8 13. a4 Bb7 14. axb5 axb5 15. dxe5 Bxe3 16. Rxe3 Nxe5 17. Nd4 Nc4 18. Bxc4 bxc4 19. Qe2 Qd7 20. Ra7 c5 21. Nf5 d5 22. e5 Qxf5 23. exf6 Rxe3 24. Qxe3 Qxf6 25. Qxc5 Qf4 26. Rxb7 Rxb7 27. Qc8+ Kh7 28. Qxb7 Qxd2 29. Qxf7 Qc1+ 30. Kh2 Qxb2 31. Qf5+ Kh8 32. Qf8+ Kh7 1/2-1/2

[Event "BL 2324 SC Viernheim - Hamburger SK"]
[Site "?"]
[Date "2023.12.02"]
[Round "3.4"]
[White "Korobov, Anton"]
[Black "Kempinski, Robert"]
[Result "1-0"]
[WhiteElo "2672"]
[BlackElo "2555"]
[PlyCount "67"]
[EventDate "2023.??.??"]

1. e4 c5 2. Nf3 d6 3. d4 cxd4 4. Nxd4 Nf6 5. Nc3 a6 6. Be2 Nc6 7. O-O Bd7 8. Be3 e6 9. a4 Be7 10. f4 Nxd4 11. Qxd4 Bc6 12. b4 O-O 13. b5 Be8 14. e5 dxe5 15. fxe5 Nd7 16. Ne4 axb5 17. Bxb5 Qc7 18. Nd6 Rd8 19. Qc4 Qxc4 20. Nxc4 Nc5 21. Nd6 Bxd6 22. exd6 Ne4 23. Rfd1 Bxb5 24. axb5 Rd7 25. c4 f5 26. c5 Rc8 27. Ra7 Nc3 28. c6 Nxd1 29. cxd7 Rd8 30. Rxb7 Nxe3 31. Rc7 Kf7 32. b6 Nc4 33. Rxc4 Rxd7 34. b7 1-0

[Event "BL 2324 SC Viernheim - Hamburger SK"]
[Site "?"]
[Date "2023.12.02"]
[Round "3.5"]
[White "Engel, Luis"]
[Black "Amin, Bassem"]
[Result "1/2-1/2"]
[WhiteElo "2554"]
[BlackElo "2663"]
[PlyCount "87"]
[EventDate "2023.??.??"]

1. e4 e5 2. Nf3 Nc6 3. Bb5 a6 4. Ba4 Nf6 5. d3 d6 6. c3 g6 7. O-O Bg7 8. Re1 O-O 9. Nbd2 h6 10. h3 Re8 11. Nf1 b5 12. Bc2 d5 13. a4 b4 14. a5 Rb8 15. Bd2 bxc3 16. bxc3 dxe4 17. dxe4 Na7 18. Qc1 Kh7 19. Rb1 Rxb1 20. Qxb1 Nb5 21. Bb3 Nd6 22. Ng3 Be6 23. Be3 Nc4 24. Qa2 Nxe3 25. Rxe3 Qd1+ 26. Bxd1 Bxa2 27. Re2 Bc4 28. Rb2 Nd7 29. Rb7 Rc8 30. Nd2 Nc5 31. Bg4 Nxb7 32. Bxc8 Nxa5 33. Nxc4 Nxc4 34. Bxa6 Nd6 35. Bd3 h5 36. Kf1 Bh6 37. Ke2 h4 38. Nf1 Kg7 39. Bc2 Bf4 40. g3 hxg3 41. fxg3 Bc1 42. Ne3 Nb5 43. Nd5 c6 44. Ne7 1/2-1/2

[Event "BL 2324 SC Viernheim - Hamburger SK"]
[Site "?"]
[Date "2023.12.02"]
[Round "3.6"]
[White "Meier, Georg"]
[Black "Papp, Gabor"]
[Result "1/2-1/2"]
[WhiteElo "2629"]
[BlackElo "2544"]
[PlyCount "42"]
[EventDate "2023.??.??"]

1. Nf3 d5 2. e3 Nf6 3. c4 e6 4. Nc3 Bd6 5. d4 b6 6. cxd5 exd5 7. Bb5+ c6 8. Bd3 O-O 9. Ne5 c5 10. Nb5 Ba6 11. b3 Re8 12. Nxd6 Qxd6 13. Ba3 Qe6 14. Bb2 Ne4 15. dxc5 bxc5 16. O-O f6 17. Nf3 Bxd3 18. Qxd3 Nc6 19. Ba3 a5 20. Nd2 Nb4 21. Bxb4 axb4 1/2-1/2

[Event "BL 2324 SC Viernheim - Hamburger SK"]
[Site "?"]
[Date "2023.12.02"]
[Round "3.7"]
[White "Ftacnik, Lubomir"]
[Black "Wagner, Dennis"]
[Result "0-1"]
[WhiteElo "2450"]
[BlackElo "2589"]
[PlyCount "58"]
[EventDate "2023.??.??"]

1. d4 Nf6 2. Nf3 d5 3. c4 e6 4. g3 Bb4+ 5. Bd2 Be7 6. Bg2 O-O 7. O-O Nbd7 8. Qc2 c6 9. Rd1 a5 10. a4 h6 11. Nc3 dxc4 12. e4 Re8 13. h3 b6 14. Be3 Ba6 15. Ne5 Qc7 16. f4 Nxe5 17. fxe5 Nd7 18. Qf2 c5 19. Nb5 Bxb5 20. axb5 cxd4 21. Bxd4 Rab8 22. Rac1 Nxe5 23. b3 Red8 24. Kh2 Bc5 25. bxc4 Rxd4 26. Rxd4 Nd3 27. Qd2 Nxc1 28. Rd7 Nb3 29. Qd1 Qc8 0-1

[Event "BL 2324 SC Viernheim - Hamburger SK"]
[Site "?"]
[Date "2023.12.02"]
[Round "3.8"]
[White "Braun, Arik"]
[Black "Heinemann, Thies"]
[Result "1-0"]
[WhiteElo "2588"]
[BlackElo "2427"]
[PlyCount "81"]
[EventDate "2023.??.??"]

1. c4 c5 2. Nc3 Nc6 3. g3 g6 4. Bg2 Bg7 5. a3 d6 6. Rb1 a5 7. d3 e5 8. e3 Nge7 9. Nge2 O-O 10. O-O Rb8 11. Bd2 Be6 12. Nd5 b5 13. cxb5 Rxb5 14. Nec3 Rb8 15. Qa4 Bd7 16. Qc4 Be6 17. Rfc1 Kh8 18. Qa4 Bd7 19. Qd1 Be6 20. h4 Re8 21. h5 Nxd5 22. Bxd5 Qb6 23. hxg6 hxg6 24. Qf3 Nd8 25. Bxe6 Rxe6 26. Nd5 Qa7 27. b4 axb4 28. axb4 Qa2 29. Bc3 cxb4 30. Rxb4 Rc8 31. e4 Kg8 32. Ra1 Qc2 33. Rb2 Qxc3 34. Nxc3 Rxc3 35. Rb8 Bf6 36. Raa8 Kg7 37. Rxd8 Bxd8 38. Rxd8 Rf6 39. Qe3 Rb3 40. Kg2 Rb2 41. Rc8 1-0

[Event "BL 2324 SV Werder Bremen - SG Solingen"]
[Site "?"]
[Date "2023.12.02"]
[Round "3.1"]
[White "Harikrishna, Pentala"]
[Black "Ivic, Velimir"]
[Result "1-0"]
[WhiteElo "2696"]
[BlackElo "2570"]
[PlyCount "47"]
[EventDate "2023.??.??"]

1. Nf3 d5 2. c4 d4 3. b4 c5 4. g3 f6 5. bxc5 e5 6. d3 Bxc5 7. Bg2 Ne7 8. O-O O-O 9. Nbd2 Nd7 10. Ne4 Qc7 11. Rb1 Rb8 12. Nxc5 Qxc5 13. Qa4 Qc7 14. Ba3 Re8 15. Nd2 f5 16. Bxe7 Rxe7 17. Qxa7 Qc5 18. Qa4 b6 19. Qc6 Qxc6 20. Bxc6 Nc5 21. Nb3 Ne6 22. Bd5 Kf8 23. f4 Nc7 24. Bg2 1-0

[Event "BL 2324 SV Werder Bremen - SG Solingen"]
[Site "?"]
[Date "2023.12.02"]
[Round "3.2"]
[White "Areshchenko, Alexander"]
[Black "Warmerdam, Max"]
[Result "0-1"]
[WhiteElo "2627"]
[BlackElo "2618"]
[PlyCount "114"]
[EventDate "2023.??.??"]

1. e4 e5 2. Nf3 Nc6 3. Bb5 a6 4. Ba4 Nf6 5. O-O Be7 6. d3 b5 7. Bb3 d6 8. a3 a5 9. Nc3 a4 10. Ba2 Rb8 11. Bg5 O-O 12. h3 h6 13. Bxf6 Bxf6 14. Nd5 Be6 15. c4 bxc4 16. Bxc4 Na5 17. Qxa4 Nxc4 18. Qxc4 Rxb2 19. a4 Bxd5 20. Qxd5 Qa8 21. Qc4 Qa7 22. Rab1 Rfb8 23. Rxb2 Rxb2 24. h4 h5 25. Qc6 g6 26. d4 Kg7 27. dxe5 dxe5 28. Qd5 Qa6 29. a5 Qxa5 30. Nxe5 Qa2 31. Qxa2 Rxa2 32. Nf3 Bc3 33. Rd1 Ba5 34. Kf1 Kf6 35. Nd4 Bb6 36. Ne2 Ke5 37. f3 Be3 38. Ke1 c5 39. g3 c4 40. Rd5+ Kf6 41. Rd6+ Ke7 42. Rd1 Rb2 43. g4 g5 44. Nc3 Bf2+ 45. Kf1 hxg4 46. fxg4 gxh4 47. Rc1 Ba7 48. Nd5+ Kd6 49. Rc3 Rf2+ 50. Ke1 Rg2 51. Rf3 Bd4 52. Nf4 Rg1+ 53. Kd2 Rxg4 54. Ne2 Be5 55. Rxf7 h3 56. Ke3 h2 57. Rf1 Rh4 0-1

[Event "BL 2324 SV Werder Bremen - SG Solingen"]
[Site "?"]
[Date "2023.12.02"]
[Round "3.3"]
[White "Ragger, Markus"]
[Black "Efimenko, Zahar"]
[Result "1-0"]
[WhiteElo "2601"]
[BlackElo "2571"]
[PlyCount "79"]
[EventDate "2023.??.??"]

1. d4 Nf6 2. c4 e6 3. Nf3 d5 4. g3 Be7 5. Bg2 O-O 6. O-O c6 7. Qc2 Nbd7 8. Nbd2 b6 9. e4 dxc4 10. Nxc4 Bb7 11. Bf4 c5 12. Rfe1 cxd4 13. Nd6 Bxd6 14. Bxd6 Rc8 15. Qa4 Nc5 16. Qxd4 Re8 17. e5 Nfe4 18. b4 Nxd6 19. exd6 Nd7 20. Rad1 Bd5 21. Ne5 Nf6 22. d7 Nxd7 23. Nxf7 Kxf7 24. Bxd5 Nf8 25. Bc6 Rxc6 26. Qxd8 Rxd8 27. Rxd8 Rc2 28. Ra8 Rxa2 29. Rc1 Nd7 30. Rc7 Ke7 31. Raxa7 Rd2 32. Kf1 h5 33. h4 g6 34. Ke1 Rd5 35. Ke2 Rd6 36. f4 Kd8 37. Ke3 Ke7 38. Rcb7 Ke8 39. Ra8+ Ke7 40. Rh8 1-0

[Event "BL 2324 SV Werder Bremen - SG Solingen"]
[Site "?"]
[Date "2023.12.02"]
[Round "3.5"]
[White "Van Wely, Loek"]
[Black "Pruijssers, Roeland"]
[Result "1-0"]
[WhiteElo "2625"]
[BlackElo "2542"]
[PlyCount "47"]
[EventDate "2023.??.??"]

1. d4 d5 2. c4 e6 3. Nf3 Nf6 4. g3 dxc4 5. Bg2 Nc6 6. O-O Rb8 7. Nc3 b5 8. Ne5 Nxe5 9. dxe5 Nd7 10. Qc2 Bb7 11. Bxb7 Rxb7 12. Rd1 Qb8 13. Qe4 c5 14. Qc6 b4 15. Nb5 a6 16. Bg5 Be7 17. Nd6+ Bxd6 18. Rxd6 O-O 19. Rxd7 Rxd7 20. Qxd7 Qxe5 21. Be7 Qxb2 22. Rd1 c3 23. Qd8 Rxd8 24. Rxd8# 1-0

[Event "BL 2324 SV Werder Bremen - SG Solingen"]
[Site "?"]
[Date "2023.12.02"]
[Round "3.6"]
[White "Wachinger, Nikolas"]
[Black "Smeets, Jan"]
[Result "0-1"]
[WhiteElo "2441"]
[BlackElo "2537"]
[PlyCount "68"]
[EventDate "2023.??.??"]

1. e4 c6 2. Nf3 d5 3. Nc3 Bg4 4. h3 Bxf3 5. Qxf3 e6 6. Be2 d4 7. Nb1 c5 8. Qg3 Nc6 9. d3 g6 10. Bf4 Bg7 11. Na3 e5 12. Bd2 Bh6 13. Bxh6 Nxh6 14. O-O Qe7 15. f4 f6 16. Nc4 Nf7 17. h4 O-O-O 18. Rf2 Rhf8 19. Raf1 Kc7 20. h5 exf4 21. Rxf4 Nfe5 22. Nxe5 Nxe5 23. Qf2 Rd6 24. c3 Nc6 25. hxg6 hxg6 26. g4 Qe5 27. c4 Rh8 28. a3 Nd8 29. b4 b6 30. bxc5 bxc5 31. Qg2 Ne6 32. R4f3 Ng5 33. Rg3 Rd7 34. Rf2 Rdh7 0-1

[Event "BL 2324 SV Werder Bremen - SG Solingen"]
[Site "?"]
[Date "2023.12.02"]
[Round "3.7"]
[White "Nikolic, Predrag"]
[Black "Grigorian, Spartak"]
[Result "1-0"]
[WhiteElo "2538"]
[BlackElo "2439"]
[PlyCount "81"]
[EventDate "2023.??.??"]

1. d4 Nf6 2. c4 e6 3. Nc3 Bb4 4. Qb3 c5 5. dxc5 Nc6 6. Nf3 Bxc5 7. Bg5 b6 8. e3 h6 9. Bh4 g5 10. Bg3 Nh5 11. Be2 Bb7 12. Rd1 Nxg3 13. hxg3 Qe7 14. a3 g4 15. Nd4 f5 16. Qc2 Nxd4 17. exd4 Bd6 18. Kf1 Rc8 19. d5 h5 20. Qa4 h4 21. dxe6 Qxe6 22. Rxh4 Rxh4 23. gxh4 Qe5 24. g3 f4 25. Bxg4 Bc6 26. Qc2 fxg3 27. Qg6+ Ke7 28. Nd5+ Bxd5 29. Rxd5 g2+ 30. Kxg2 Qh2+ 31. Kf1 Rf8 32. Bf5 Rf6 33. Qg7+ Rf7 34. Qg5+ Kf8 35. Qh6+ Ke7 36. Ke2 Rf6 37. Qg7+ Rf7 38. Qg5+ Kf8 39. Qh6+ Ke7 40. b4 Kd8 41. Qxd6 1-0

[Event "BL 2324 SV Werder Bremen - SG Solingen"]
[Site "?"]
[Date "2023.12.02"]
[Round "3.8"]
[White "Schulze, Lara"]
[Black "Naumann, Alexander"]
[Result "1/2-1/2"]
[WhiteElo "2299"]
[BlackElo "2498"]
[PlyCount "95"]
[EventDate "2023.??.??"]

1. e4 c5 2. Nf3 d6 3. d4 cxd4 4. Qxd4 Nc6 5. Bb5 Bd7 6. Bxc6 Bxc6 7. Nc3 Nf6 8. Bg5 e6 9. O-O-O Be7 10. Rhe1 O-O 11. e5 dxe5 12. Nxe5 Qxd4 13. Rxd4 Rfc8 14. Nxc6 Rxc6 15. Ne4 e5 16. Rdd1 Nxe4 17. Bxe7 Nxf2 18. Rd2 Re6 19. Rd7 b6 20. h3 e4 21. Bg5 e3 22. Bxe3 Ne4 23. Rc7 Ng3 24. Bd2 Rxe1+ 25. Bxe1 Ne2+ 26. Kd2 Nf4 27. Bg3 Rd8+ 28. Ke1 Nxg2+ 29. Ke2 g5 30. Rxa7 Re8+ 31. Kf3 Ne3 32. Rc7 f5 33. Rc6 Nd1 34. Rd6 Re3+ 35. Kg2 Nxb2 36. Rd5 Re2+ 37. Kf3 Rxc2 38. Rxf5 Nc4 39. Rxg5+ Kf7 40. Rb5 Rxa2 41. Rb4 Rc2 42. Ke4 Re2+ 43. Kd3 Re3+ 44. Kxc4 Rxg3 45. Rxb6 Rxh3 46. Kd4 Rf3 47. Ke4 Rf1 48. Rb3 1/2-1/2

[Event "BL 2324 SK Kirchweyhe - SV Mülheim Nord"]
[Site "?"]
[Date "2023.12.02"]
[Round "3.1"]
[White "Dardha, Daniel"]
[Black "Kadric, Denis"]
[Result "1-0"]
[WhiteElo "2598"]
[BlackElo "2587"]
[PlyCount "187"]
[EventDate "2023.??.??"]

1. d4 Nf6 2. c4 g6 3. g3 c6 4. Bg2 d5 5. Nf3 Bg7 6. O-O O-O 7. Qb3 a5 8. Rd1 a4 9. Qb4 Qa5 10. Qxa5 Rxa5 11. Na3 Ra8 12. Bd2 Na6 13. Rac1 Bf5 14. Ne5 Rfc8 15. Be1 Be6 16. Nd3 Bd7 17. e3 e6 18. b4 axb3 19. axb3 Bf8 20. Nb1 b5 21. Nc3 Be8 22. c5 Nc7 23. Ra1 Bg7 24. Ne5 Kf8 25. b4 Rxa1 26. Rxa1 Ra8 27. Ra5 Ng8 28. g4 f6 29. Nd3 e5 30. f3 Nh6 31. Bg3 Nf7 32. Kf1 Rd8 33. f4 exd4 34. exd4 Ne6 35. Ne2 Nh6 36. h3 f5 37. Bh4 Rd7 38. g5 Nf7 39. Bf2 Ke7 40. Ke1 Rb7 41. Kd2 Kd7 42. Be3 Kc8 43. Ra8+ Rb8 44. Ra1 Kb7 45. Ne1 Ra8 46. Rb1 Bd7 47. Nc2 Rh8 48. Nc3 Nc7 49. Ne1 Nd8 50. Nf3 Nde6 51. h4 Ra8 52. Rb2 Kc8 53. Ne2 Ra4 54. Nc1 Nd8 55. Bf1 Nf7 56. Bd3 Ne6 57. Bc2 Ra8 58. h5 Kc7 59. Ne2 Ra3 60. Rb1 Kd8 61. Nh4 Nf8 62. Rh1 Ke8 63. Re1 Kd8 64. Rb1 Ke8 65. Bb3 Nd8 66. Kc3 Kf7 67. Ng3 Bc8 68. Rh1 Ra7 69. Re1 Kg8 70. Re2 Kf7 71. h6 Bh8 72. Ra2 Rxa2 73. Bxa2 Bd7 74. Bb1 Be6 75. Ngxf5 gxf5 76. Nxf5 Bxf5 77. Bxf5 Nde6 78. Bg4 Bxd4+ 79. Bxd4 Nxf4 80. Bf6 N8e6 81. Bf5 Ng6 82. Kd2 Ngf8 83. Ke3 Ng6 84. Kf2 Ngf8 85. Kg3 Ng6 86. Kg4 Ngf8 87. Be5 Ng6 88. Bd6 Nd4 89. Bd7 Nf8 90. Bxf8 Kxf8 91. Be8 Kg8 92. Kf4 Ne6+ 93. Ke5 Nd8 94. Kf6 1-0

[Event "BL 2324 SK Kirchweyhe - SV Mülheim Nord"]
[Site "?"]
[Date "2023.12.02"]
[Round "3.2"]
[White "Brkic, Ante"]
[Black "Vrolijk, Liam"]
[Result "1/2-1/2"]
[WhiteElo "2637"]
[BlackElo "2566"]
[PlyCount "81"]
[EventDate "2023.??.??"]

1. e4 e5 2. Nf3 Nc6 3. Bb5 a6 4. Ba4 Nf6 5. O-O b5 6. Bb3 Bc5 7. c3 d6 8. d3 h6 9. Re1 O-O 10. Nbd2 Bb6 11. Nf1 Ne7 12. a4 Rb8 13. a5 Ba7 14. d4 exd4 15. cxd4 c5 16. d5 Ng6 17. h3 Nh5 18. Bc2 Nhf4 19. Ng3 Qf6 20. Nf5 c4 21. Be3 Bxe3 22. fxe3 Nd3 23. Bxd3 cxd3 24. Qxd3 Bxf5 25. exf5 Ne5 26. Nxe5 Qxe5 27. b4 Rfc8 28. Rac1 Qb2 29. Rc6 Rxc6 30. dxc6 Qxb4 31. Rc1 Qb2 32. Rc2 Qb1+ 33. Kh2 Rc8 34. Qd2 b4 35. f6 b3 36. Rb2 Qe4 37. Qxd6 Qxc6 38. Qxc6 Rxc6 39. Rxb3 Rc5 40. Rb8+ Kh7 41. Rb6 1/2-1/2

[Event "BL 2324 SK Kirchweyhe - SV Mülheim Nord"]
[Site "?"]
[Date "2023.12.02"]
[Round "3.3"]
[White "Beerdsen, Thomas"]
[Black "Predojevic, Borki"]
[Result "0-1"]
[WhiteElo "2511"]
[BlackElo "2557"]
[PlyCount "38"]
[EventDate "2023.??.??"]

1. e4 e5 2. Nf3 Nc6 3. Bc4 d6 4. d4 Nf6 5. Ng5 d5 6. exd5 Nxd4 7. d6 Qxd6 8. Bxf7+ Ke7 9. c3 h6 10. cxd4 hxg5 11. Bb3 exd4 12. Nd2 Bg4 13. f3 Be6 14. Qe2 Re8 15. Nc4 Qc5 16. Bd2 Kd8 17. O-O-O b5 18. Bb4 Qxb4 19. Rxd4+ Bd7 0-1

[Event "BL 2324 SK Kirchweyhe - SV Mülheim Nord"]
[Site "?"]
[Date "2023.12.02"]
[Round "3.4"]
[White "Markus, Robert"]
[Black "Feygin, Michael"]
[Result "1-0"]
[WhiteElo "2591"]
[BlackElo "2461"]
[PlyCount "68"]
[EventDate "2023.??.??"]

1. Nf3 Nf6 2. g3 e6 3. Bg2 d5 4. O-O Be7 5. d3 O-O 6. Nbd2 c5 7. e4 Nc6 8. Re1 Qc7 9. Qe2 a5 10. e5 Nd7 11. a4 b6 12. c3 Ba6 13. Nf1 b5 14. axb5 Bxb5 15. h4 Rfb8 16. h5 a4 17. h6 g6 18. N1h2 Na5 19. Bg5 Bf8 20. Ng4 Ra6 21. Bf4 c4 22. d4 Bc6 23. Ng5 Qd8 24. Qf3 Qe8 25. Re2 Rb7 26. Bh3 Rab6 27. Ra2 Nb3 28. Qh1 Ra7 29. Kh2 Be7 30. Qf3 Qd8 31. Nxf7 Kxf7 32. Nf6 Nf8 33. Bg5 Bxf6 34. Bxf6 Qb8 1-0

[Event "BL 2324 SK Kirchweyhe - SV Mülheim Nord"]
[Site "?"]
[Date "2023.12.02"]
[Round "3.6"]
[White "Kovacevic, Aleksandar"]
[Black "Hausrath, Daniel"]
[Result "1/2-1/2"]
[WhiteElo "2452"]
[BlackElo "2450"]
[PlyCount "67"]
[EventDate "2023.??.??"]

1. e4 c5 2. Nf3 Nc6 3. Bb5 Nf6 4. Bxc6 dxc6 5. d3 g6 6. h3 Bg7 7. Nc3 Nd7 8. Be3 e5 9. Qd2 h6 10. O-O b6 11. Nh2 Nf8 12. f4 exf4 13. Bxf4 Ne6 14. Be3 Nd4 15. Nd1 Qd6 16. c3 Be5 17. Nf3 Nxf3+ 18. Rxf3 g5 19. d4 cxd4 20. cxd4 Bg7 21. Nc3 O-O 22. Raf1 Qg6 23. e5 f5 24. exf6 Rxf6 25. Rxf6 Bxf6 26. d5 Ba6 27. Rf2 Rd8 28. Bd4 Be7 29. Qe3 Re8 30. Qe5 Kh7 31. Qc7 Kg8 32. Qe5 Kh7 33. Qc7 Kg8 34. Qe5 1/2-1/2

[Event "BL 2324 SK Kirchweyhe - SV Mülheim Nord"]
[Site "?"]
[Date "2023.12.02"]
[Round "3.7"]
[White "Buckels, Valentin"]
[Black "Zelcic, Robert"]
[Result "1/2-1/2"]
[WhiteElo "2440"]
[BlackElo "2478"]
[PlyCount "132"]
[EventDate "2023.??.??"]

1. d4 Nf6 2. Nf3 d5 3. Bf4 e6 4. Nbd2 c5 5. e3 Nc6 6. c3 Nh5 7. Bg5 f6 8. Bh4 g6 9. Bd3 cxd4 10. cxd4 Qb6 11. g4 g5 12. Bxg5 fxg5 13. gxh5 Be7 14. Qb3 Qc7 15. Rc1 Bf6 16. Bb5 Bd7 17. Qc3 a6 18. Be2 Rc8 19. Nb3 O-O 20. Rg1 Kh8 21. e4 dxe4 22. Nxg5 Qxh2 23. Qg3 Qxg3 24. Rxg3 Nxd4 25. Rxc8 Bxc8 26. Nxd4 Bxd4 27. Nxe4 Bxb2 28. a4 Bd4 29. f3 Bd7 30. Bc4 Be8 31. Bxe6 Bxh5 32. Ke2 Be5 33. Rh3 Bg6 34. Bd5 b5 35. axb5 axb5 36. Rh1 Rd8 37. Bc6 b4 38. Rb1 Rb8 39. Bd5 Bg7 40. Ke3 Bf8 41. Kd4 Rd8 42. Kc4 b3 43. Be6 Re8 44. Bd5 Re5 45. Rb2 h5 46. Rg2 Kh7 47. Nf6+ Kh6 48. Nd7 Rg5 49. Rxg5 Kxg5 50. Kxb3 Bd6 51. Kc3 Bf5 52. f4+ Kxf4 53. Nb6 h4 54. Nc4 Bc7 55. Kd2 h3 56. Ke2 Bd7 57. Kf2 Bd8 58. Kg1 Kg3 59. Nd2 Bb6+ 60. Kh1 Bb5 61. Ne4+ Kh4 62. Nd2 Kg3 63. Ne4+ Kg4 64. Nd2 Be2 65. Bf3+ Bxf3+ 66. Nxf3 Kxf3 1/2-1/2